00453 2200193 4500001002100000005001500021008004100036020001800077035001900095041000600114082000800120090001200128100001900140700001800159245002300177260001500200300002200215650002200237INLIS00000000000307720241224112645241224||||||||| | ||| |||| ||  a0-439-06336-1 0010-1224003077 a00 a823 a823 PAU0 aPaula Danziger0 aAnn M. Martin00aSmail Mail no More bSCHOLASTIC a307 hlm. : 19 cm. 0aIlmu Kesusastraan